100歳以上の人口トップ20 - Statistics

General Stats
  • This quiz has been taken 12 times
  • The average score is 18 of 20
Answer Stats
順位 人数(約) 国名(略称) % Correct
1位 120,024 日本
100%
2位 66,634 アメリカ
100%
3位 39,321 中国
100%
4位 29,475 フランス
100%
5位 28,744 インド
100%
6位 20,833 イタリア
100%
9位 14,271 スペイン
100%
11位 12,518 ロシア
100%
14位 8,611 韓国
100%
16位 6,996 ブラジル
100%
19位 5,653 オーストラリア
100%
7位 18,158 ドイツ
90%
8位 17,589 イギリス
90%
12位 12,514 タイ
90%
15位 8,013 アルゼンチン
90%
10位 13,201 カナダ
80%
18位 6,702 ベトナム
80%
17位 6,982 ポーランド
70%
13位 10,258 ウクライナ
60%
20位 5,549 南アフリカ
50%
No matching quizzes found
Score Distribution
Percent of People with Each Score
Percentile by Number Answered
Your Score History
You have not taken this quiz